• AIU
  • Tony Wilmot Memorial Library
Normal view MARC view

Entry Topical Term

Number of records used in: 1

001 - CONTROL NUMBER

  • control field: 50957

003 - CONTROL NUMBER IDENTIFIER

  • control field: OSt

005 - DATE AND TIME OF LATEST TRANSACTION

  • control field: 20200203154157.0

008 - FIXED-LENGTH DATA ELEMENTS

  • fixed length control field: 200203|| aca||aabn | a|a d

040 ## - CATALOGING SOURCE

  • Original cataloging agency: OSt
  • Transcribing agency: OSt

600 ## -

  • : Christianity and politics.

670 ## - SOURCE DATA FOUND

  • Source citation: Work cat.: (OSt)0: Via, Dan Otto, 1928- 50956, Divine justice, divine judgment :, c2007.